000 00603nam a2200241Ia 4500
003 OSt
005 20220912145225.0
006 a|||||r|||| 00| 0
007 ta
008 220909b |||||||| |||| 00| 0 eng d
024 _a68812
037 _cTextual
040 _aCSL
_beng
_cCSL
041 _aeng
082 _aIv31.N<-K, M1
100 _aWalters S M
245 0 _aShaping of Cambridge botany
260 _aCambridge
_bUP
_c1981
300 _axv,121p.
_ccm.
650 _aBotany history
942 _hIv31.N<-K, M1
_cTEXL
_2CC
999 _c26452
_d26452